000 06442cam a22020414i 4500
003 PE-LiUPU
005 20250813165856.0
008 150706s2011 ck a rb 000 0 spa d
020 _a9584104187
020 _a9789584104182
035 _a(Sirsi) i9789584104182
040 _aPE-LiUPU
_bspa
_cPE-LiUPU
_dPE-LiUPU
_erda
049 _aPRUA
082 0 4 _a657
_bS57 2011
_221
082 0 4 _a657.21
_bS57 2011
100 1 _aSinisterra V., Gonzalo,
_eautor.
245 1 0 _aContabilidad :
_bsistema de información para las organizaciones /
_cGonzalo Sinisterra V., Luis Enrique Polanco I., Harvey Henao G.
250 _aSexta edición.
264 1 _aBogotá :
_bMcGraw-Hill,
_c2011.
300 _a348 páginas :
_bilustraciones ;
_c28 centímetros
300 _a02 CD-ROM
336 _atext
_2rdacontent
337 _aunmediated
_2rdamedia
338 _avolume
_2rdacarrier
504 _aIncluye bibliografía.
505 0 _aIntroducción a la contabilidad -- Proceso de registro de la información contable -- Terminación del ciclo contable -- Estados financieros -- Activos corrientes. Disponible, deudores e inversiones -- Activos corrientes. Mercancías -- Activos no corrientes -- Pasivo -- Patrimonio -- Herramientas financieras y toma de decisiones generales.
526 _aP203
526 _aP200
526 _aSEG65
526 _aSEG64
526 _aSEG63
526 _aSEG62
526 _aSEG61
526 _aSEG60
526 _aSEG59
526 _aSEG58
526 _aSEG57
526 _aSEG56
526 _aSEG55
526 _aSEG54
526 _aSEG53
526 _aSEG52
526 _aSEG51
526 _aSEG50
526 _aSEG49
526 _aSEG48
526 _aSEG47
526 _aSEG46
526 _aSEG24
526 _aSEG23
526 _aSEG22
526 _aSEG21
526 _aSEG20
526 _aSEG19
526 _aSEG18
526 _aSEG17
526 _aSEG16
526 _aSEG14
526 _aSEG13
526 _aSEG12
526 _aSEG11
526 _aSEG10
526 _aSEG09
526 _aSEG06
526 _aSEG05
526 _aSEG04
526 _aSEG03
526 _aSEG02
526 _aSEG68
526 _aSEG66
526 _aSEG45
526 _aSEG25
526 _aSEG01
526 _aP163
526 _aP162
526 _aP161
526 _aP160
526 _aP159
526 _aP158
526 _aP157
526 _aP156
526 _aP155
526 _aP154
526 _aP153
526 _aP152
526 _aP151
526 _aP150
526 _aP149
526 _aP142
526 _aP141
526 _aP140
526 _aP139
526 _aP138
526 _aP137
526 _aP132
526 _aP131
526 _aP130
526 _aP126
526 _aP125
526 _aP124
526 _aP123
526 _aP115
526 _aP122
526 _aP121
526 _aP116
526 _a P114
526 _aP112
526 _aP111
526 _aP104
526 _aP103
526 _aP102
526 _aP101
526 _aP100
526 _aP96
526 _aP95
526 _aP93
526 _aP92
526 _aP91
526 _aP88
526 _aP83
526 _aP82
526 _aP79
526 _aP78
526 _aP75
526 _aP74
526 _aP71
526 _aP69
526 _a P51
526 _aP49
526 _aP48
526 _aP47
526 _aP33
526 _aP31
526 _a P30
526 _aP29
526 _aP27
526 _aP26
526 _aP25
526 _aP24
526 _a P22
526 _aP10
526 _aP09
526 _a P08
526 _aP06
526 _aP05
526 _aP04
526 _aP01
541 _g001-0035697;
541 _g001-0036504;
541 _g001-000072;
650 0 4 _aContabilidad
_xProblemas, ejercicios, etc.
650 0 4 _aPresupuesto
_xContabilidad.
650 0 4 _aActivo y Pasivo (Contabilidad).
650 0 4 _aContabilidad
_xGlosarios, Vocabularios, etc.
700 1 _aHenao G., Harvey.,
_eautor.
700 1 _aPolanco Izquierdo, Luis Enrique.,
_eautor.
910 _agl
_cjck
_d201200814
910 _btqv
_cwelc
_d20160913
942 _2ddc
_cBOOK
949 _a657 S57 2011
_wDEWEY
_c1
_i65294
_lCCODEBUL1
_mBUL
_p25.00
_r0
_sY
_tBOOK
_u2015-7-6
_xFCE
_PP08
_o.STAFF. Colección Ciencias Empresariales
949 _a657 S57 2011
_wDEWEY
_c2
_i66118
_lCCODEBUL1
_mBUL
_p27.00
_r0
_sY
_tBOOK
_u2015-7-6
_xFCE
_PP08
_o.STAFF. Colección Ciencias Empresariales
949 _a657 S57 2011
_wDEWEY
_c3
_i68730
_lCCODEBUL1
_mBUL
_p31.00
_r0
_sY
_tBOOK
_u2015-7-6
_xFCE
_PP08
_o.STAFF. Colección Ciencias Empresariales
949 _a657.21 S57 2011
_wDEWEY
_c1
_iFJ02034
_lCCODEBUJ1
_mBUJ
_p30.00
_r0
_sY
_tBOOK
_u2016-09-13
_xFCE
_PP08
_0COMPRA
_o.STAFF. Colección General Juliaca
949 _a657.21 S57 2011
_wDEWEY
_c2
_iFJ02035
_lCCODEBUJ1
_mBUJ
_p30.00
_r0
_sY
_tBOOK
_u2016-09-13
_xFCE
_PP08
_0COMPRA
_o.STAFF. Colección General Juliaca
994 _aC0
_bPEPRU
596 _a1 3
999 _a657 S57 2011
_wDEWEY
_c53880
_i65294
_d53880
_e2019-5-29
_f2021-11-5
_g6
_lCCODEBUL1
_mBUL
_n4
_p25.00
_q3
_r0
_sY
_tBOOK
_u2015-7-6
_xFCE
_zP08
_0COMPRA
_o.STAFF. Colección Ciencias Empresariales
999 _a657 S57 2011
_wDEWEY
_c2
_i66118
_d2019-8-25
_e2018-5-29
_f2021-11-5
_g6
_lCCODEBUL1
_mBUL
_n3
_p27.00
_q8
_r0
_sY
_tBOOK
_u2015-7-6
_xFCE
_zP08
_0COMPRA
_o.STAFF. Colección Ciencias Empresariales
999 _a657 S57 2011
_wDEWEY
_c3
_i68730
_d2022-7-13
_e2022-7-13
_f2021-11-5
_g6
_lCCODEBUL1
_mBUL
_n11
_p31.00
_q15
_r0
_sY
_tBOOK
_u2015-7-6
_xFCE
_zP08
_0COMPRA
_o.STAFF. Colección Ciencias Empresariales
999 _a657.21 S57 2011
_wDEWEY
_c1
_iFJ02034
_d2022-6-16
_e2022-6-14
_f2022-1-31
_g4
_lCCODEBUJ1
_mBUJ
_n5
_p30.00
_q8
_r0
_sY
_tBOOK
_u2015-12-11
_xFCE
_PP08
_0COMPRA
_o.STAFF. Colección General Juliaca
999 _a657.21 S57 2011
_wDEWEY
_c2
_iFJ02035
_d2022-5-11
_e2022-5-9
_f2022-1-31
_g4
_lCCODEBUJ1
_mBUJ
_n6
_p30.00
_q10
_r0
_sY
_tBOOK
_u2015-12-11
_xFCE
_PP08
_0COMPRA
_o.STAFF. Colección General Juliaca
980 _81
_gALBERTO SANCHEZ Responsable de Automatización